000 01223nam a2200337Ia 4500
001 Para_5618
003 CHAP
008 220125s2001 xx 000 0 und d
010 _a204028
040 _cCHAP
090 _aPA TESIS 1589
100 _aTorres Hernández, Gabriela
_9114132
245 _aEtiología de la secadera del lisianthus (Eustoma grandiflorum (Raf.) Shinn) en Texcoco, México; y la evaluación de su control in vitro /
_c por Gabriela Torres Hernández
260 _aChapingo, Méx. :
_b el autor
300 _a73 h.
502 _aTesis (Ing. Agr. Esp. en Parasitología Agrícola) -- UACh. Departamento Parasitología Agrícola
650 _aControl biológico de hongos
_927580
650 _aEustoma grandiflorum
_x enfermedades por hongos
_9170064
650 _aFloricultura
_941822
650 _aFungicidas
_944044
650 _aHongos fitopatógenos
_956132
650 _aPlantas ornamentales
_x enfermedades
_989062
710 _aUACh. Departamento Parasitología Agrícola
_9164025
901 _aPA TESIS 1589
902 _aA
905 _a0000002001 an 0000000000 00
910 _a2001
942 _cPARA
942 _cPARA
_d1
999 _c204028
_d204028